Zagadki sovetskich nagrad. 1918-1991 gody

Bibliographic Details
Main Author: Smyslov, Oleg Sergejevič (Author)
Format: Book
Language:Russian
PhysicalDescription:345 s., [16] s. fotogr. príl. 21 cm
Published: Moskva Veče 2005
ISBN:5953304463
Series:Vojennyje tajny 20 veka
Subjects:

MARC

LEADER 00000nam a2200000 a 4500
001 vtls008698061
003 SK-MaSNL
005 20260301205515.0
008 240315s2005 ru ol g 000 0 rus
020 |a 5953304463  |q (viaz.) 
040 |a SNK  |b slo  |c SNK  |e AACR2 
041 0 |a rus 
043 |a e-ru--- 
044 |a ru  |c RU 
072 7 |a 355/359  |x Vojenstvo. Obrana krajiny. Ozbrojené síly  |2 konspekt 
080 |a 351.856.2+355.134  |2 2001 
080 |a 355.134  |2 2001 
080 |a (470+571  |2 2001 
080 |a (048.8)  |2 2001 
100 1 |a Smyslov, Oleg Sergejevič  |4 aut  |9 591716 
245 1 0 |a Zagadki sovetskich nagrad. 1918-1991 gody  |c O. S. Smyslov 
260 |a Moskva  |b Veče  |c 2005 
300 |a 345 s., [16] s. fotogr. príl.  |c 21 cm 
490 1 |a Vojennyje tajny 20 veka 
648 7 |a 1918-1991  |2 SNKPH  |9 467749 
650 0 7 |a rady a vyznamenania  |x systém  |2 SNKPH  |9 91087 
650 0 7 |a vojenské rady a vyznamenania  |2 SNKPH  |9 87721 
651 7 |a Rusko  |2 SNKPH  |9 17250 
655 7 |a štúdie  |2 SNKPH  |9 57033 
830 0 |a Vojennyje tajny 20 veka  |9 306079 
919 |a 5-9533-0446-3 
999 |c 910382  |d 912312 
952 |a SNK  |b SNK  |y VYP  |7 0  |p 17A0514904  |o snkIC 133611  |i snk2006/14342  |8 2  |g 7.63  |0 0  |1 0  |4 0  |d 2006-05-04  |l 0  |r 2026-02-24 07:41:37  |w 2026-02-24